Applied corporate finance (Record no. 350062)

000 -LEADER
fixed length control field 00564nam a22001577a 4500
020 ## - INTERNATIONAL STANDARD BOOK NUMBER
International Standard Book Number 9788126537884
082 ## - DEWEY DECIMAL CLASSIFICATION NUMBER
Classification number 658.15
100 ## - MAIN ENTRY--PERSONAL NAME
Personal name Damodaran,Aswath
245 ## - TITLE STATEMENT
Title Applied corporate finance
250 ## - EDITION STATEMENT
Edition statement 3rd
260 ## - PUBLICATION, DISTRIBUTION, ETC.
Place of publication, distribution, etc. New Delhi
Name of publisher, distributor, etc. Wiley
Date of publication, distribution, etc. 2011
300 ## - PHYSICAL DESCRIPTION
Extent 738
942 ## - ADDED ENTRY ELEMENTS (KOHA)
Koha item type Book
Holdings
Withdrawn status Lost status Source of classification or shelving scheme Damaged status Not for loan Collection code Permanent Location Current Location Shelving location Date acquired Total Checkouts Full call number Barcode Date last seen Price effective from Koha item type
            Central Library (CL) Central Library (CL) General Stacks 08/06/2015   658.15 DAM 2015 NBS9264 08/06/2015 08/06/2015 Book
© 2023 Central Library, National University of Sciences and Technology. All Rights Reserved.